The tomorrow war / directed by Chris McKay ; produced by David Ellison, Dana Goldberg, Don Granger, Jules Daly, David S. Goyer, Adam Kolbrenner ; written by Zach Dean. (Record no. 20914)

000 -LEADER
fixed length control field 01562nam a22002777a 4500
008 - FIXED-LENGTH DATA ELEMENTS--GENERAL INFORMATION
fixed length control field 250528b xxu||||| |||| 00| 0 eng d
040 ## - CATALOGING SOURCE
Original cataloging agency Cagayan State University
Description conventions RDA
082 ## - DEWEY DECIMAL CLASSIFICATION NUMBER
Classification number 791.4372
Item number T598 2021
245 ## - TITLE STATEMENT
Title The tomorrow war / directed by Chris McKay ; produced by David Ellison, Dana Goldberg, Don Granger, Jules Daly, David S. Goyer, Adam Kolbrenner ; written by Zach Dean.
260 ## - PUBLICATION, DISTRIBUTION, ETC. (IMPRINT)
Place of publication, distribution, etc United States :
Name of publisher, distributor, etc Amazon Studios,
Date of publication, distribution, etc 2021.
300 ## - PHYSICAL DESCRIPTION
Extent 1 videofile, (ca. 138 mins.) :
Other physical details sound, color.
520 ## - SUMMARY, ETC.
Summary, etc With the world fighting a losing battle against the multitudes of a fierce and unstoppable extraterrestrial invader, humankind is living on borrowed time. Amid chaos, and an impending Armageddon, the former Green Beret First Sergeant, biology teacher, and doting father-of-one Dan Forester, finds himself in the ruins of an alien-infested, peril-laden urban maze, struggling for survival and answers along with a doomed army of untried soldiers. Now, a handful of defenders carries the weight of the world's desperate hopes. Can they come by a second chance?
521 ## - TARGET AUDIENCE NOTE
Target audience note Rated R for language throughout, some violence, bloody images and drug use.
650 ## - SUBJECT ADDED ENTRY--TOPICAL TERM
Topical term or geographic name as entry element Action.
650 ## - SUBJECT ADDED ENTRY--TOPICAL TERM
Topical term or geographic name as entry element Adventure.
650 ## - SUBJECT ADDED ENTRY--TOPICAL TERM
Topical term or geographic name as entry element Drama.
650 ## - SUBJECT ADDED ENTRY--TOPICAL TERM
Topical term or geographic name as entry element Thriller.
700 ## - ADDED ENTRY--PERSONAL NAME
Personal name Strahovski, Yvonne, star.
700 ## - ADDED ENTRY--PERSONAL NAME
Personal name Simmons, J. K., star.
700 ## - ADDED ENTRY--PERSONAL NAME
Personal name Gilpin, Betty, star.
700 ## - ADDED ENTRY--PERSONAL NAME
Personal name Richardson, Sam, star.
700 ## - ADDED ENTRY--PERSONAL NAME
Personal name Hodge, Edwin, star.
700 ## - ADDED ENTRY--PERSONAL NAME
Personal name Fong, Larry, cinematographer.
700 ## - ADDED ENTRY--PERSONAL NAME
Personal name Barton, Roger, editor.
942 ## - ADDED ENTRY ELEMENTS (KOHA)
Source of classification or shelving scheme
Item type Audio-Visual Materials
Holdings
Source of acquisition Price effective from Permanent location Date last seen Not for loan Date acquired Source of classification or shelving scheme Koha item type Collection code Shelving location Damaged status Lost status Withdrawn status Current location Full call number
Donation2025-05-28Cagayan State University - Carig Library2025-05-28 2025-05-28 Audio-Visual MaterialsElectronic Media CenterElectronic Media Center   Cagayan State University - Carig Library791.4372 T598 2021

Cagayan State University University Library, Carig Campus
Tuguegarao City, Cagayan 3500 | www.csucarig.edu.ph

Powered by Koha